00438 2200157 4500245008100000020001800081250000900099100003700108650001300145005001900158260004100177041001400218084001000232300002900242336000900271 aIlmu, Teori, dan Filsafat KomunikasicProf. Onong Uchjana Effendi.,M.AhText a979-414-651-X a2018 aProf. Onong Uchjana Effendi.,M.A aFilsafat a20240904130202 aBandungbPT CITRA ADITYA BAKTIc2018 aIndonesia a001.5 a439 hal. :c14 x 19,8 cm atext